| 000 | 00361nam a2200133Ia 4500 | ||
|---|---|---|---|
| 005 | 20251222154344.0 | ||
| 008 | 251222s9999||||xx |||||||||||||| ||spa|| | ||
| 020 | _a978-84-92954-97-1 | ||
| 082 | _a621.2/G23 | ||
| 100 | _aGarcía Alarcón, Castor Javier | ||
| 245 | 0 | _aEvaluación Económica de Proyectos de Obras Hidráulicas | |
| 264 | _bDelta | ||
| 942 | _cLIB | ||
| 999 |
_c34627 _d34627 |
||